Memoria Seminario - Taller - Internacional de zoocrianzas, (Registro nro. 3051)

Detalles MARC
000 -CABECERA
Campo de control 00874nam a2200265 a 4500
005 - FECHA Y HORA DE LA ULTIMA TRANSACCION
Campo de control 20200220082031.0
008 - ELEMENTOS DE LONGITUD FIJA—INFORMACION GENERAL
Campo de control 140307b2002 pe ||||| |||| 00| 0 spa d
040 ## - FUENTE DE CATALOGACIÓN
Agencia catalogadora original CO-BoIAVH
Agencia transcriptora CO-BoIAVH
041 ## - IDIOMA
Código de idioma para texto/pista de sonido o título separado Español
044 ## - PAÍS DE PUBLICACIÓN
País de publicación Perú
082 ## - NUMERO DE CLASIFICACION DECIMAL DEWEY
Número de clasificación 636
110 ## - ASIENTO PRINCIPAL--NOMBRE CORPORATIVO
Nombre corporativo o de jurisdicción como elemento de entrada Comité Biocomercio Perú
111 ## - ASIENTO PRINCIPAL--NOMBRE DE REUNION
Nombre de reunión o de jurisdicción como elemento de entrada Seminario - taller internacional de zoocrianzas
Lugar de la reunión Iquitos, Perú
Fecha de la reunión marzo 21-23, 2002
245 ## - MENCION DE TITULO
Título Memoria Seminario - Taller - Internacional de zoocrianzas,
Parte restante del título Iquitos
Mención de responsabilidad Comité Biocomercio Perú
260 ## - PUBLICACION, DISTRIBUCION, ETC. (PIE DE IMPRENTA)
Lugar de publicación, distribución, etc. Lima
Nombre del editor, distribuidor, etc. Comité Biocomercio Perú
Fecha de publicación, distribución, etc. 2002
300 ## - DESCRIPCION FISICA
Extensión 74 p.
650 ## - ASIENTO SECUNDARIO DE MATERIA - TERMINO TEMATICO
Término temático o nombre geográfico como elemento de entrada Zoocría
650 ## - ASIENTO SECUNDARIO DE MATERIA - TERMINO TEMATICO
Término temático o nombre geográfico como elemento de entrada Uso sostenible de la biodiversidad
650 ## - ASIENTO SECUNDARIO DE MATERIA - TERMINO TEMATICO
Término temático o nombre geográfico como elemento de entrada Cría de animales de piel
650 ## - ASIENTO SECUNDARIO DE MATERIA - TERMINO TEMATICO
Término temático o nombre geográfico como elemento de entrada Cria Mariposas
650 ## - ASIENTO SECUNDARIO DE MATERIA - TERMINO TEMATICO
Término temático o nombre geográfico como elemento de entrada Cria Aves
650 ## - ASIENTO SECUNDARIO DE MATERIA - TERMINO TEMATICO
Término temático o nombre geográfico como elemento de entrada Biocomercio
662 ## - ASIENTO SECUNDARIO DE MATERIA - JERARQUIA DEL NOMBRE DE LUGAR(
País o entidad mayor Perú
942 ## - ELEMENTOS ADICIONALES (KOHA)
Tipo de ítem Libro
Sistema de clasificación Dewey Decimal Classification
Koha issues (borrowed), all copies 1
Existencias
Withdrawn status Lost status Sistema de Clasificación Damaged status No para préstamo Colección Fecha publicación (Año) Inventariado Ubicación Permanente Ubicación actual Fecha de adquisición Fuente de Valor Total Checkouts Número topográfico Inventario / Código de Barras Date last seen Ejemplar Price effective from Forma de adquisición Tipo de material Date checked out
    Dewey Decimal Classification     General 2002 Inventariado 2017 Bogotá Bogotá 24/09/2015 Donacion 1 LB-630 C73s 023275 20/06/2016 Ej. 1 04/12/2012   Libro 27/05/2016
    Dewey Decimal Classification     General     Bogotá Bogotá 20/02/2020     LB-636 C73s 044136 20/02/2020 Ej. 2 20/02/2020 Donación Libro  
    Dewey Decimal Classification   Procesos Técnicos General 2002 Inventariado 2017 Sala Fabio Quevedo Sala Fabio Quevedo 25/02/2003 Biocomercio   LB-630 C73s 005082 04/12/2012 Ej. 2 04/12/2012 Donación Libro  
    Local     Entomología   Inventariado 2017 Villa de Leyva Villa de Leyva 29/09/2006     LB-02815 023278 23/10/2017 Ej. 3 04/12/2012   Libro